000 00603nam a22001815i 4500
001 158156
003 ES-MaACL
005 20250808063152.0
008 040824s1875 fr |||| | fre d
040 _aCAM
_bspa
_cCAM
100 1 _aLoudun, Eugène.
_9129094
245 1 4 _aLes précurseurs de la révolution /
_cEugène Loudun.
260 _aParis :
_bVictor Palmé éditeur,
_c1875 (
_eBoulogne (Seine) :
_fImp. Jules Boyer)
300 _aIII, 351 p. ;
_c22 cm.
651 4 _aFrancia-
_xHistoria
_98679
852 _aES-MaACL
_jF-12726
_z-- Enc. pasta española
999 _c158156
_d158156